Dnes Starina o týždeň Šambron miestopis

Bibliographic Details
Main Author: Murcko, Michal, 1940- (Author)
Format: Article
Language:Slovak
Subjects:

MARC

LEADER 00000nab a2200000 a 4500
001 vtls001023034
003 SK-MaSNL
005 20260305035146.0
008 040720e19960125xo 0 slo
035 |a SL1618 
040 |a SLLK  |b slo  |c SLLK  |e AACR2 
041 0 |a slo 
044 |a xo  |c SK 
080 |a 908  |2 1981 
100 1 |a Murcko, Michal,  |d 1940-  |4 aut  |9 115592 
245 1 0 |a Dnes Starina o týždeň Šambron  |b miestopis  |c Michla Murcko 
650 0 7 |a vlastiveda  |2 snkbucl  |9 3887 
651 7 |a Starina (Slovensko)  |2 SLLK  |9 59083 
651 7 |a Stará Ľubovňa (Slovensko : okres)  |2 snkbucl  |9 19196 
773 0 8 |t Ľubovnianske noviny  |g Roč. 22, č.4, 25.1.1996, s. 2 
852 |a ZVYKNI  |b KIS3GCP 
999 |c 3332383  |d 3334313